Critical issues in African education : (Record no. 982)

000 -LEADER
fixed length control field 00805cam a2200217 a 4500
001 - CONTROL NUMBER
control field 1859184
003 - CONTROL NUMBER IDENTIFIER
control field OSt
005 - DATE AND TIME OF LATEST TRANSACTION
control field 20140116120842.0
008 - FIXED-LENGTH DATA ELEMENTS--GENERAL INFORMATION
fixed length control field 820603s1980 ke b 000 0 eng
020 ## - INTERNATIONAL STANDARD BOOK NUMBER
International Standard Book Number 9970041916
050 00 - LIBRARY OF CONGRESS CALL NUMBER
Classification number LA1566.B34 1980
100 1# - MAIN ENTRY--PERSONAL NAME
Personal name Bagunywa, Arthur M. K.
245 10 - TITLE STATEMENT
Title Critical issues in African education :
Remainder of title a case study of Uganda /
Statement of responsibility, etc Arthur M.K. Bagunywa.
260 ## - PUBLICATION, DISTRIBUTION, ETC. (IMPRINT)
Place of publication, distribution, etc Nairobi :
Name of publisher, distributor, etc East African Pub. House,
Date of publication, distribution, etc 1980.
300 ## - PHYSICAL DESCRIPTION
Extent xii, 132 p. ;
Dimensions 21 cm.
500 ## - GENERAL NOTE
General note Collection of essays and addresses from the period, 1967-1977.<br/>On cover page, subtitle is: 9 cardinal values for a well educated person.
504 ## - BIBLIOGRAPHY, ETC. NOTE
Bibliography, etc Includes bibliographical references.
650 #0 - SUBJECT ADDED ENTRY--TOPICAL TERM
Topical term or geographic name as entry element Education.
Geographic subdivision Uganda.
General subdivision Case studies.
650 #0 - SUBJECT ADDED ENTRY--TOPICAL TERM
Topical term or geographic name as entry element Educational administration.
Geographic subdivision Africa.
942 ## - ADDED ENTRY ELEMENTS (KOHA)
Source of classification or shelving scheme
Koha item type Book
Holdings
Withdrawn status Lost status Source of classification or shelving scheme Damaged status Not for loan Home library Current library Date acquired Cost, normal purchase price Total Checkouts Full call number Barcode Date last seen Date checked out Copy number Price effective from Koha item type
          Riara University Library Riara University Library 21/08/2012 550.00 1 LA1566.B34 1980 3481/12 26/05/2014 13/05/2014 C.1 21/08/2012 Book

Riara University Library,
P.O. Box 49940-00100,
Nairobi, Kenya.